书目信息 |
| 题名: |
紫钗记
|
|
| 作者: | 汤显祖 著 ;胡士莹 校注 | |
| 分册: | ||
| 出版信息: | 北京 人民文学出版社 1982 |
|
| 页数: | 362页 | |
| 开本: | 21cm | |
| 丛书名: | ||
| 单 册: | ||
| 中图分类: | I237.2 , I23 | |
| 科图分类: | ||
| 主题词: | 传奇剧(戏曲)--剧本--中国--明代 | |
| 电子资源: | ||
| ISBN: | ||
| 000 | 00642nam0 2200241 450 | |
| 001 | 1559585295 | |
| 005 | 20150123163333.51 | |
| 010 | @dCNY1.25 | |
| 091 | @a10019.3253 | |
| 100 | @a19950413d1982 em y0chiy0110 ea | |
| 101 | 0 | @achi |
| 102 | @aCN@b110000 | |
| 105 | @af z 000by | |
| 200 | 1 | @a紫钗记@9zi chai ji@f(明)汤显祖著@g胡士莹校注 |
| 210 | @a北京@c人民文学出版社@d1982 | |
| 215 | @a362页@c图@d21cm | |
| 606 | 0 | @a传奇剧(戏曲)@x剧本@y中国@z明代 |
| 690 | @aI237.2@v5 | |
| 690 | @aI23@v4 | |
| 701 | 0 | @a汤显祖@9tang xian zu@4著 |
| 702 | 0 | @a胡士莹@9hu shi ying@4校注 |
| 801 | 0 | @aCN@bTSSF@c20150123 |
| 905 | @aZUCC@dI23@eJY50 | |
| 紫钗记/(明)汤显祖著/胡士莹校注.-北京:人民文学出版社,1982 |
| 362页:图;21cm |
| ISBN :CNY1.25 |
| ● |
| 相关链接 |
|
|
|
|
正题名:紫钗记
索取号:I23/JY50
 
预约/预借
| 序号 | 登录号 | 条形码 | 馆藏地/架位号 | 状态 | 备注 |
| 1 | 7843412 | 278434124 | 学院路分馆/ [索取号:I23/JY50] | 在馆 |